| 000 | 00412nam a22001577a 4500 | ||
|---|---|---|---|
| 003 | OSt | ||
| 005 | 20231103112716.0 | ||
| 008 | 231009b |||||||| |||| 00| 0 eng d | ||
| 020 | _a978-81-942688-4-0 | ||
| 040 | _cIIMT UNIVERSITY | ||
| 100 | _aGARAI, BISWANATH | ||
| 245 | _aAN INTRODUCTION TO METRICS SPACE & FUNCTIONAL ANALYSIS | ||
| 260 |
_aKOLKATA _bBOOK & ALLIED _c2022 |
||
| 300 | _a320 | ||
| 942 |
_2ddc _c03 |
||
| 999 |
_c57341 _d57341 |
||